[Event "Barcelona Sant Marti op-B 22nd"]
[Site "Barcelona"]
[Date "2022.07.18"]
[Round "6"]
[White "Arranz Penalba, Sergio"]
[Black "Gallego Obrador, Aaron"]
[Result "1-0"]
[WhiteElo "1795"]
[BlackElo "1648"]
[PlyCount "77"]
[EventDate "2022.07.13"]
[EventType "swiss"]
[EventRounds "9"]
[EventCountry "ESP"]
[SourceTitle "CBM 210 Extra"]
[Source "ChessBase"]
[SourceDate "2022.11.30"]
[SourceVersion "1"]
[SourceVersionDate "2022.11.30"]
[SourceQuality "1"]

1. e4 c5 2. f4 e6 3. c3 Nc6 4. Bd3 d5 5. e5 c4 6. Bc2 Bc5 7. Nf3 Nge7 8. b3 b5 9. b4 Bb6 10. a4 bxa4 11. Bxa4 Bd7 12. d3 cxd3 13. Qxd3 Nf5 14. g4 Nh4 15. Ke2 Nxf3 16. Kxf3 d4 17. b5 Na5 18. cxd4 Rc8 19. Nd2 Qh4 20. h3 0-0 21. Kg2 f5 22. exf6 Qxf6 23. Nf3 Rc4 24. Be3 Rfc8 25. Rhc1 Qe7 26. Ne5 Rxc1 27. Rxc1 Rxc1 28. Bxc1 Bc8 29. Kg3 Bb7 30. Bc2 g6 31. Ba3 Qe8 32. h4 Bd5 33. h5 Kg7 34. hxg6 hxg6 35. Nxg6 Nc4 36. Ne7 Nxa3 37. Qh7+ Kf8 38. Ng6+ Qxg6 39. Bxg6 1-0